Betrieb und Steuer Grundlagen zur Betriebswirtschaftlichen Steuerlehre
Salvato in:
| Autore principale: | |
|---|---|
| Natura: | Libro |
| Lingua: | tedesco |
| Pubblicazione: |
Wiesbaden
Gabler
1989
|
| Edizione: | 9. erneut überarb. Aufl. |
| Soggetti: | |
| Tags: |
Nessun Tag, puoi essere il primo ad aggiungerne!!
|
MARC
| LEADER | 00000nam a2200000 4500 | ||
|---|---|---|---|
| 001 | c000138 | ||
| 005 | 20221215125237.0 | ||
| 020 | |a 3-409-50959-3 | ||
| 041 | 0 | |a ger | |
| 044 | |a DE | ||
| 245 | 1 | 0 | |a Betrieb und Steuer |b Grundlagen zur Betriebswirtschaftlichen Steuerlehre |c Gerd Rose |
| 250 | |a 9. erneut überarb. Aufl. | ||
| 264 | 1 | |a Wiesbaden |b Gabler |c 1989 | |
| 300 | |a 237 s. |e príl. | ||
| 610 | 2 | 0 | |a podnik |
| 610 | 2 | 0 | |a politika daňová |
| 610 | 2 | 0 | |a sústava daňová |
| 610 | 2 | 0 | |a dane podnikové |
| 610 | 2 | 0 | |a sadzby daňové |
| 610 | 2 | 0 | |a dane z obratu |
| 610 | 2 | 0 | |a dane majetkové |
| 100 | 1 | |a Rose, Gerd | |